| 000 | 00604nam a22002177a 4500 | ||
|---|---|---|---|
| 999 |
_c3586 _d3586 |
||
| 001 | 14981 | ||
| 003 | BD-DhUAP | ||
| 005 | 20200309125521.0 | ||
| 008 | 200309r20082006ii a|||| |||| 001 0 eng d | ||
| 020 | _a9788126518043 | ||
| 040 |
_aBD-DhUAP _bEng _cBD-DhUAP _dBD-DhUAP |
||
| 082 |
_223 _a301 GID |
||
| 100 | _aGiddens, Anthony. | ||
| 245 |
_aSociology / _cAnthony Giddens. |
||
| 250 | _a5th ed. | ||
| 260 |
_aNew Delhi : _bWiley Indiaa pvt. ltd., _cc2006 [Reprinted 2008]. |
||
| 300 |
_axx, 1094 pages : _billustrations ; _c24 cm. |
||
| 500 | _aInclude index. | ||
| 650 | _aSociology | ||
| 942 |
_2ddc _cBK |
||